000 00757nam a2200289 i 4500
001 C2-0240613
003 PPAK
005 20180727203224.0
008 020728s2000 xxka|||| ||||| | eng d
020 _a058242688X
040 _aPPAK
_beng
_cPPAK
_erda
082 0 4 _a428.6
_223
090 0 0 _a428.6
_bTEM
_dK
100 1 _aTempest, Deborah,
_eauthor
245 1 0 _aOliver Twist
264 1 _aEssex :
_bPearson Education Limited ,
_c2000
300 _avii, 68 pages :
_bcolour illustrations ;
_c20 cm
336 _2rdacontent
_atext
337 _2rdamedia
_aunmediated
338 _2rdacarrier
_avolume
490 1 _aPenguin readers
500 _aLevel 4
650 1 0 _aReaders
700 _eauthor
830 0 _aPenguin readers
942 _ddc
_cB
999 _c55779
_d55779